Coastal zone planning and management (Record no. 87535)
[ view plain ]
| 000 -LEADER | |
|---|---|
| fixed length control field | 03005cam a2200865 4500 |
| 008 - FIXED-LENGTH DATA ELEMENTS--GENERAL INFORMATION | |
| fixed length control field | 090401t1992 xxu||||| |||| 00| 0 eng d |
| 020 ## - INTERNATIONAL STANDARD BOOK NUMBER | |
| International Standard Book Number | 0727719041 |
| 035 ## - SYSTEM CONTROL NUMBER | |
| System control number | (Sirsi) u17627 |
| 041 ## - LANGUAGE CODE | |
| Language code of text/sound track or separate title | eng |
| 050 ## - LIBRARY OF CONGRESS CALL NUMBER | |
| Classification number | 333.9164 |
| -- | 18 |
| 110 ## - MAIN ENTRY--CORPORATE NAME | |
| Corporate name or jurisdiction name as entry element | Institution of Civil Engineers |
| 9 (RLIN) | 1402 |
| 245 ## - TITLE STATEMENT | |
| Title | Coastal zone planning and management |
| Remainder of title | proceedings of the conference Coastal Management '92 |
| Statement of responsibility, etc. | integrating coastal zone planning and management in the next century, organized by the Institution of Civil Engineers and held in Blackpool on 11-13 May 1992 |
| 260 ## - PUBLICATION, DISTRIBUTION, ETC. | |
| Place of publication, distribution, etc. | London |
| Name of publisher, distributor, etc. | Thomas Telford |
| Date of publication, distribution, etc. | 1992 |
| 300 ## - PHYSICAL DESCRIPTION | |
| Extent | 327p. |
| Other physical details | ill. |
| Dimensions | 24cm. |
| 350 ## - PRICE (NR) (BK AM CF MU VM SE) [OBSOLETE] | |
| Price | 34 |
| 505 ## - FORMATTED CONTENTS NOTE | |
| Formatted contents note | The development of coastal engineering |
| 505 ## - FORMATTED CONTENTS NOTE | |
| Formatted contents note | Coastal conservation |
| 505 ## - FORMATTED CONTENTS NOTE | |
| Formatted contents note | Setting the scene |
| 505 ## - FORMATTED CONTENTS NOTE | |
| Formatted contents note | Natural change |
| 505 ## - FORMATTED CONTENTS NOTE | |
| Formatted contents note | Coastal heritage |
| 505 ## - FORMATTED CONTENTS NOTE | |
| Formatted contents note | Regenerating the developed coast |
| 505 ## - FORMATTED CONTENTS NOTE | |
| Formatted contents note | Marine nature conservation in the coastal zone |
| 505 ## - FORMATTED CONTENTS NOTE | |
| Formatted contents note | The open coastline |
| 505 ## - FORMATTED CONTENTS NOTE | |
| Formatted contents note | Estauries |
| 505 ## - FORMATTED CONTENTS NOTE | |
| Formatted contents note | Development pressures in an area of rising human resources |
| 505 ## - FORMATTED CONTENTS NOTE | |
| Formatted contents note | Development pressures in area of declining human resources |
| 505 ## - FORMATTED CONTENTS NOTE | |
| Formatted contents note | Cardiff Bay: microcosm of conflicts |
| 505 ## - FORMATTED CONTENTS NOTE | |
| Formatted contents note | Coastal planning: recent policy developments |
| 505 ## - FORMATTED CONTENTS NOTE | |
| Formatted contents note | Coastal defence: legislation and current policy |
| 505 ## - FORMATTED CONTENTS NOTE | |
| Formatted contents note | Overseas responses through legislation and policy to coastal problems |
| 505 ## - FORMATTED CONTENTS NOTE | |
| Formatted contents note | Coastal zone planning |
| 505 ## - FORMATTED CONTENTS NOTE | |
| Formatted contents note | Shoreline management: a question of definition |
| 505 ## - FORMATTED CONTENTS NOTE | |
| Formatted contents note | Coastal zone planning beyond the year 2000 |
| 505 ## - FORMATTED CONTENTS NOTE | |
| Formatted contents note | Beaches: the natural way to coastal defence |
| 505 ## - FORMATTED CONTENTS NOTE | |
| Formatted contents note | Engineering the beaches |
| 505 ## - FORMATTED CONTENTS NOTE | |
| Formatted contents note | Engineering with conservation issues in mind |
| 505 ## - FORMATTED CONTENTS NOTE | |
| Formatted contents note | The Anglian management study |
| 505 ## - FORMATTED CONTENTS NOTE | |
| Formatted contents note | The defences for Lincolnshire |
| 505 ## - FORMATTED CONTENTS NOTE | |
| Formatted contents note | The provision of marine sediments for beach recharge |
| 505 ## - FORMATTED CONTENTS NOTE | |
| Formatted contents note | Difficult descisions |
| 505 ## - FORMATTED CONTENTS NOTE | |
| Formatted contents note | Coastal groups |
| 650 ## - SUBJECT ADDED ENTRY--TOPICAL TERM | |
| Topical term or geographic name entry element | CARDIFF BAY |
| 650 ## - SUBJECT ADDED ENTRY--TOPICAL TERM | |
| Topical term or geographic name entry element | EAST ANGLIA |
| 650 ## - SUBJECT ADDED ENTRY--TOPICAL TERM | |
| Topical term or geographic name entry element | LINCOLNSHIRE |
| 690 ## - LOCAL SUBJECT ADDED ENTRY--TOPICAL TERM (OCLC, RLIN) | |
| Topical term or geographic name as entry element | PROPERTY-RURAL AND NATURAL ASSETS-RURAL AND NATURAL ASSET MANAGEMENT-COASTAL MANAGEMENT |
| 700 ## - ADDED ENTRY--PERSONAL NAME | |
| Personal name | Barrett, M. G. |
| International Standard Serial Number | Editor |
| 700 ## - ADDED ENTRY--PERSONAL NAME | |
| Personal name | Fleming, C. A. |
| 700 ## - ADDED ENTRY--PERSONAL NAME | |
| Personal name | Carter, R. W. G. |
| 700 ## - ADDED ENTRY--PERSONAL NAME | |
| Personal name | King, G. A. D. |
| 700 ## - ADDED ENTRY--PERSONAL NAME | |
| Personal name | Pethick, J. |
| 700 ## - ADDED ENTRY--PERSONAL NAME | |
| Personal name | Kirby, M. |
| 700 ## - ADDED ENTRY--PERSONAL NAME | |
| Personal name | Shostak, L. |
| 700 ## - ADDED ENTRY--PERSONAL NAME | |
| Personal name | Gubbay, S. |
| 700 ## - ADDED ENTRY--PERSONAL NAME | |
| Personal name | Stevens, C. |
| 700 ## - ADDED ENTRY--PERSONAL NAME | |
| Personal name | Rothwell, P. I. |
| 700 ## - ADDED ENTRY--PERSONAL NAME | |
| Personal name | Cottell, M. N. T. |
| 700 ## - ADDED ENTRY--PERSONAL NAME | |
| Personal name | Horsley, M. J. |
| 700 ## - ADDED ENTRY--PERSONAL NAME | |
| Personal name | Crompton, D. A. |
| 700 ## - ADDED ENTRY--PERSONAL NAME | |
| Personal name | Zetter, J. |
| 700 ## - ADDED ENTRY--PERSONAL NAME | |
| Personal name | Park, J. R. |
| 700 ## - ADDED ENTRY--PERSONAL NAME | |
| Personal name | Doornkamp, J. C. |
| 700 ## - ADDED ENTRY--PERSONAL NAME | |
| Personal name | Cox, T. M. |
| 700 ## - ADDED ENTRY--PERSONAL NAME | |
| Personal name | Townend, I. H. |
| 700 ## - ADDED ENTRY--PERSONAL NAME | |
| Personal name | Whittle, I. R. |
| 700 ## - ADDED ENTRY--PERSONAL NAME | |
| Personal name | Brampton, A. H. |
| 700 ## - ADDED ENTRY--PERSONAL NAME | |
| Personal name | West |
| -- | . M. |
| 700 ## - ADDED ENTRY--PERSONAL NAME | |
| Personal name | Powell |
| -- | . A. |
| 700 ## - ADDED ENTRY--PERSONAL NAME | |
| Personal name | Child, M. W. |
| 700 ## - ADDED ENTRY--PERSONAL NAME | |
| Personal name | Thomas, R. S. |
| 700 ## - ADDED ENTRY--PERSONAL NAME | |
| Personal name | Murray, A. J. |
| 700 ## - ADDED ENTRY--PERSONAL NAME | |
| Personal name | Riddell, K. J. |
| 700 ## - ADDED ENTRY--PERSONAL NAME | |
| Personal name | Oakes |
| -- | . A. |
| 942 ## - ADDED ENTRY ELEMENTS (KOHA) | |
| Suppress in OPAC | 0 |
| 948 ## - LOCAL PROCESSING INFORMATION (OCLC); SERIES PART DESIGNATOR (RLIN) | |
| c (OCLC) | 04/03/1997 |
| Withdrawn status | Lost status | Source of classification or shelving scheme | Damaged status | Not for loan | Home library | Current library | Shelving location | Date acquired | Cost, normal purchase price | Total Checkouts | Full call number | Barcode | Date last seen | Copy number | Cost, replacement price | Price effective from | Koha item type |
|---|---|---|---|---|---|---|---|---|---|---|---|---|---|---|---|---|---|
| Dewey Decimal Classification | London | London | Books | 01/02/1993 | 34.00 | 333.9164 INS | 30037966 | 06/08/2019 | 1 | 34.00 | 06/08/2019 | Book |